000 01308nam a2200325 i 4500
003 EG-GICUC
005 20260513221938.0
008 260513s1969 ua ||||fr|||| 00| 0 ara d
040 _a EG-GICUC
_bara
_c EG-GICUC
_d EG-GICUC
_erda
041 0 _aara
082 0 4 _221
_a345.4
_bم ح . م
092 0 4 _221
099 _aLaw1 07 345.4 م ح . م 2 ed - 1969
100 0 _aمحمد حامد الجمل
_eمؤلف.
245 1 0 _aالموظف العام فقها وقضاء.
_nالجزء الأول,
_pالنظرية العامة للموظف العام :
_bبحث فقهى مقارن وفقا لأحدث التشريعات والفتاوى والأحكام /
_cتأليف محمد حامد الجمل.
250 _aالطبعة الثانية
264 1 _aالقاهرة :
_bدار النهضة العربية،
_c1969.
300 _a1188 ؛ صفحة
_c24 سم
336 _2rda content
_atext
337 _2rda media
_aComputer
338 _2rda carrier
_aOnline Resource
504 _aيشتمل على إرجاعات ببليوجرافية
546 _aالنص باللغة العربية
650 1 4 _aالقانون الإداري
_2qrmak
650 1 4 _2qrmak
651 1 _2qrmak
856 4 0 _uhttps://fll.law.cu.edu.eg/fulltext/bks/B07-02625.pdf
905 _a47
942 _2ddc
_cBK
_e21
_n0
999 _c76863
_d76863